000
00404nam a22001457a 4500
003
SGT
020
_a
9780143066231
082
_a
320
_b
V09D
100
_a
डोभाल, भगवती प्रसाद
245
_a
विचार जो कामयाब रहे
260
_b
पेंगुइन बुक्स
_c
2009
300
_a
256
650
_a
POLITICAL SCIENCE
942
_2
ddc
_c
BK
999
_c
28801
_d
28801